| 000 | 00528nam a2200157 a 4500 | ||
|---|---|---|---|
| 001 | 000040796 | ||
| 005 | 20201002034403.0 | ||
| 008 | 130906s2006 sp abc 000 0 spa d | ||
| 020 | _a8489127786 | ||
| 040 |
_aDO-SdBNP _bspa _cBNPHU |
||
| 082 |
_axxx _bM385p |
||
| 100 | 1 |
_aMartínez Cutillas, Pedro, _d1931- _967218 |
|
| 245 | 1 | 0 |
_aPanamá colonial : _bhistoria e imagen / _cPedro Martínez Cutillas. |
| 260 |
_aPanama ; Madrid : _bEdiciones Bilbao ; Ediciones San Marcos, _c2006. |
||
| 300 |
_a637 p. : _bil., mapas, retrs. ; _c32 cm. |
||
| 999 |
_c40286 _d40286 |
||